Yorgos Lanthimos Filmography - Statistics

General Stats
  • This quiz has been taken 26 times
    15 since last reset
  • The average score is 24 of 50
Answer Stats
Type Year Name % Correct
Film Director 2025 Bugonia
100%
Film Production 2025 Bugonia
100%
Film Director 2023 Poor Things
92%
Film Production 2023 Poor Things
92%
Film Director 2018 The Favourite
92%
Film Production 2018 The Favourite
92%
Film Director 2015 The Lobster
85%
Film Screenplay 2015 The Lobster
85%
Film Production 2015 The Lobster
85%
Film Director 2017 The Killing of a Sacred Deer
77%
Film Screenplay 2017 The Killing of a Sacred Deer
77%
Film Production 2017 The Killing of a Sacred Deer
77%
Film Director 2009 Dogtooth
69%
Film Screenplay 2009 Dogtooth
69%
Film Production 2009 Dogtooth
69%
Film Director 2024 Kinds of Kindness
69%
Film Screenplay 2024 Kinds of Kindness
69%
Film Production 2024 Kinds of Kindness
69%
Film Director 2011 Alps
54%
Film Screenplay 2011 Alps
54%
Film Production 2011 Alps
54%
Film Director 2005 Kinetta
38%
Film Screenplay 2005 Kinetta
38%
Short Film Director 1995 The Rape of Chloe
38%
Short Film Screenplay 1995 The Rape of Chloe
38%
Short Film Editor 1995 The Rape of Chloe
38%
Commercial Director 2020 Gucci: Of Course a Horse
31%
Film Director 2001 My Best Friend
31%
Short Film Director 2013 Necktie
31%
Short Film Production 2013 Necktie
31%
Short Film Director 2019 Nimic
31%
Short Film Screenplay 2019 Nimic
31%
Music Video Director 2000 Antexa
23%
Film Production 2010 Attenberg
23%
Film Cameo 2010 Attenberg
23%
Music Video Director 2025 Beth's Farm
23%
Short Film Director 2022 Bleat
23%
Short Film Screenplay 2022 Bleat
23%
Short Film Production 2022 Bleat
23%
Music Video Director 1997 Deka Entoles
23%
Music Video Director 1999 Den Ehei Sidera i Kardia Sou
23%
Music Video Director 1998 Enas Fantaros s' Ena Treno
23%
Music Video Director 1999 I Kardia Mou
23%
Music Video Director 1996 I Paramythenia
23%
Music Video Director 1998 Mataia
23%
Music Video Director 1997 Moni Sou
23%
Music Video Director 1999 Theleis i de Theleis
23%
Music Video Director 1997 To Tragoudi Ston Aera
23%
Short Film Director 2002 Uranisco Disco
23%
Short Film Screenplay 2002 Uranisco Disco
23%
No matching quizzes found
Score Distribution
Percent of People with Each Score
Percentile by Number Answered
Your Score History
You have not taken this quiz since the last reset